| 000 | 00436nam a2200181Ia 4500 | ||
|---|---|---|---|
| 008 | 090124s9999 xx 000 0 und d | ||
| 082 | _b38035 | ||
| 100 | _aDAMIDOV V. | ||
| 245 | _aHOW WE SEE WHAT WE SEE | ||
| 250 | _a1 | ||
| 260 |
_bMIR PUBLISHERS MOSCOW _c1986 |
||
| 300 | _a238 | ||
| 600 | _aDAMIDOV V. | ||
| 630 | _aHOW WE SEE WHAT WE SEE | ||
| 700 | _aDAMIDOV V. | ||
| 730 | _aHOW WE SEE WHAT WE SEE | ||
| 942 | _cBOOK | ||
| 999 |
_c104071 _d104071 |
||